000
00244nam a22000977a 4500
999
_c
11721
_d
11721
008
200110b ||||| |||| 00| 0 eng d
020
_a
0590338498
100
_a
Bridwell Norman
_9
7411
245
_a
Clifford's Family
260
_a
New York
_b
Scholastic